Anthropological theory : an introductory history

Saved in:
Bibliographic Details
Main Author: McGee, R. Jon, 1955-
Other Authors: Warms, Richard L.
Format: Book
Language:English
Published: London : Mayfield Publishing Company, 1996.
Subjects:
Tags: Add Tag
No Tags, Be the first to tag this record!

MARC

LEADER 00000cam a2200000 i 4500
001 1/18445
008 981019s1996####uk 00| | eng||
020 |a 1559342854  
035 |l 10020916 
040 |a GR-MY-UA  |b gre  |e aacr 
041 0 |a eng 
082 0 |a 306.01  
100 1 |a McGee, R. Jon,   |d 1955- 
245 1 0 |a Anthropological theory :   |b an introductory history /   |c R. Jon McGee, Richard L. Warms.  
260 |a London :   |b Mayfield Publishing Company,   |c 1996.  
300 |a 535 σ. ;   |b 24 εκ.  
504 |a Περιλαμβάνει βιβλιογραφία και ευρετήριο.  
650 0 0 |a Anthropology  |x Philosophy. 
650 0 0 |a Anthropology  |x Methodology. 
700 1 |a Warms, Richard L. 
852 |a INST  |b LESVOS  |e 19981019  |h 306.01 MCG  |p 005100012799  |q 005100012799  |t BK  |y 0 
901 |a BIBL-1998-3 
909 |a Λ  |b 059455 
922 |a 1ΕΛΗ  |b 199809  |c ΚΠΣ/ΤΚΑ  |d ΠΑΠΑΣΩΤΗΡΙΟΥ 
950 |a 117-1998-07-08